000 00695nam a2200253Ia 4500
003 OSt
005 20220916110925.0
006 a|||||r|||| 00| 0
007 ta
008 220915b |||||||| |||| 00| 0 hin d
024 _a215448
037 _cTextbook
040 _bhin
_aARTS
_cARTS
041 _ahin
082 _aO152,6N15x, K4
100 _aनगेन्द्र
245 0 _aविचार और विवेचन
246 _aVichār aur vivechana
250 _aसंस्क 2
260 _c1964
650 _aहिन्दी साहित्य
942 _hO152,6N15x, K4
_cTB
_2CC
999 _c101507
_d101507